000 00741nam a2200253Ia 4500
003 OSt
005 20220925224848.0
006 a|||||r|||| 00| 0
007 ta
008 220923b |||||||| |||| 00| 0 eng d
020 _a0710096461
037 _cGeneral Book
040 _aRTL
_cRTL
_beng
041 _2eng
_aeng
082 _aE:(R), M6
100 _aDoyal Len
_992122
245 0 _aEmpericism, explanation and rationality
_b And intr
260 _aLondon
_bRoutledge and Kegan Paul UK
_c1986
300 _axiii, 200p. Bibliography P 183-90
_ccm.
650 _aSocial Science
_911018
700 _a Harris Roger
_992123
942 _hE:(R), M6
_cGB
_2CC
999 _c582358
_d582358